00675nam a22001817a 4500999001900000005001700019010001500036020002600051035001400077037001300091082001300104245008600117260005200203270005700255300002100312942002700333952013300360 c188652d18865220220530154956.0 aENG-132890 a9788184255400c350.00 aEN-116422 bDBAD/PUB a621.3191 aWorkshop on Threat of Voltage Instability in power Systems/cEdited by M.K. Verma aMumbaibAllied Publishers Private Limitedc2009 a15 J.N. Heredia Marg, Ballard EstatebMumbaie400001 a153p.c28cm(pbk) 2ddccENh621.3191mWOR 001040708NFICaBL1bBL1d2022-05-30eDBADg350.00l0o621.3191 WORpEN-116422r2022-05-30 00:00:00t1v350.00w2022-05-30yEN